000
00284nam a22001217a 4500
008
170328b xxu||||| |||| 00| 0 eng d
041
_a
eng
080
_a
615.83
100
_a
8
101
_a
SHM
245
_a
ESSENTIALS OF THE NEUROLOGICAL EXAMINATION
_c
DEJONG.R.N
942
_2
udc
_c
BK
999
_c
8837
_d
8837